[Event "Penang op 10th"]
[Site "Penang"]
[Date "2018.12.08"]
[Round "9"]
[White "De Silva, LMST"]
[Black "Ali, Sadikin"]
[Result "1-0"]
[WhiteElo "1812"]
[BlackElo "2051"]
[PlyCount "57"]
[EventDate "2018.12.03"]
[EventType "swiss"]
[EventRounds "9"]
[EventCountry "MAS"]
[SourceTitle "CBM 187 Extra"]
[Source "ChessBase"]
[SourceDate "2018.11.04"]
[SourceVersion "1"]
[SourceVersionDate "2018.11.04"]
[SourceQuality "1"]

1. e4 e6 2. d4 d5 3. Nc3 Nf6 4. e5 Nfd7 5. f4 c5 6. Nf3 Nc6 7. Be3 Be7 8. Qd2 b6 9. Bb5 Bb7 10. 0-0-0 a6 11. Bxc6 Bxc6 12. g4 c4 13. f5 b5 14. Ne2 b4 15. c3 Qa5 16. Kb1 Rb8 17. Rc1 Ba4 18. cxb4 Bxb4 19. Nc3 Bb3 20. axb3 cxb3 21. Qd1 Bxc3 22. Rxc3 Qa2+ 23. Kc1 Qa1+ 24. Kd2 Qxb2+ 25. Kd3 0-0 26. Nd2 Qa2 27. Rxb3 Rb6 28. Qb1 Qa5 29. Rc1 1-0

[Event "Penang op 10th"]
[Site "Penang"]
[Date "2018.12.07"]
[Round "8"]
[White "Ali, Sadikin"]
[Black "Guo, Weibao"]
[Result "1-0"]
[WhiteElo "2051"]
[BlackElo "1838"]
[PlyCount "67"]
[EventDate "2018.12.03"]
[EventType "swiss"]
[EventRounds "9"]
[EventCountry "MAS"]
[SourceTitle "CBM 187 Extra"]
[Source "ChessBase"]
[SourceDate "2018.11.04"]
[SourceVersion "1"]
[SourceVersionDate "2018.11.04"]
[SourceQuality "1"]

1. e4 e6 2. d4 d5 3. Nd2 Nf6 4. Bd3 c5 5. c3 Nc6 6. e5 Nd7 7. Ne2 cxd4 8. cxd4 f6 9. Nf4 Nxd4 10. Qh5+ Ke7 11. Ng6+ hxg6 12. exf6+ Nxf6 13. Qxh8 Kf7 14. Qh4 e5 15. Nf3 Nxf3+ 16. gxf3 Bf5 17. Bxf5 gxf5 18. Rg1 f4 19. Qg5 Qd6 20. Bd2 Rc8 21. Qg6+ Ke6 22. Kf1 Qb6 23. Re1 Qd4 24. Rg5 Qc4+ 25. Kg1 Bd6 26. Rc1 Qxc1+ 27. Bxc1 Rxc1+ 28. Kg2 Rc7 29. h4 d4 30. h5 Rd7 31. h6 gxh6 32. Qf5+ Kd5 33. Rg6 Be7 34. Rxf6 1-0

[Event "Penang op 10th"]
[Site "Penang"]
[Date "2018.12.03"]
[Round "1"]
[White "Nethmina, SA Indura"]
[Black "Ali, Sadikin"]
[Result "1/2-1/2"]
[WhiteElo "1536"]
[BlackElo "2051"]
[PlyCount "83"]
[EventDate "2018.12.03"]
[EventType "swiss"]
[EventRounds "9"]
[EventCountry "MAS"]
[SourceTitle "CBM 187 Extra"]
[Source "ChessBase"]
[SourceDate "2018.11.04"]
[SourceVersion "1"]
[SourceVersionDate "2018.11.04"]
[SourceQuality "1"]

1. e4 e6 2. d4 d5 3. Nc3 Nf6 4. Bg5 Bb4 5. a3 Bxc3+ 6. bxc3 dxe4 7. Bc4 b6 8. Ne2 Bb7 9. Ng3 Nbd7 10. Qe2 h6 11. Be3 0-0 12. Ba6 Qc8 13. Bxb7 Qxb7 14. 0-0 Nh7 15. Bf4 g5 16. Bd2 f5 17. f3 Ndf6 18. Rae1 Rae8 19. fxe4 fxe4 20. Nxe4 Qxe4 21. Qxe4 Nxe4 22. Rxe4 Rxf1+ 23. Kxf1 Nf6 24. Re3 Ng4 25. Rg3 Nf6 26. Ke2 Kf7 27. c4 Kg6 28. Kd3 Nh5 29. Rf3 e5 30. dxe5 Rxe5 31. Rf8 Re7 32. Rd8 Nf6 33. Bc3 Ne4 34. Bd4 c5 35. Be3 Nf6 36. h3 h5 37. g3 g4 38. h4 Kf5 39. Bg5 Rd7+ 40. Rxd7 Nxd7 41. Bf4 a6 42. a4 1/2-1/2

[Event "Jakarta Indonesia op 2nd"]
[Site "Jakarta"]
[Date "2012.10.15"]
[Round "7"]
[White "Hidayat, Arifin"]
[Black "Ali, Sadikin"]
[Result "0-1"]
[WhiteElo "2141"]
[BlackElo "2167"]
[PlyCount "52"]
[EventDate "2012.10.11"]
[EventType "swiss"]
[EventRounds "9"]
[EventCountry "INA"]
[SourceTitle "EXT 2013"]
[Source "ChessBase"]
[SourceDate "2012.11.22"]
[SourceVersion "1"]
[SourceVersionDate "2012.11.22"]
[SourceQuality "1"]

1. d4 Nf6 2. Nf3 g6 3. c4 Bg7 4. g3 b6 5. Bg2 Bb7 6. 0-0 0-0 7. Nc3 d6 8. Re1 Nbd7 9. d5 Ng4 10. Nd4 e5 11. dxe6 Bxg2 12. Kxg2 fxe6 13. f3 Bxd4 14. Qxd4 Nge5 15. Ne4 Qe7 16. Bh6 Rf5 17. g4 Rf7 18. h3 Nc6 19. Qd2 a5 20. Ng5 Rf6 21. f4 Nd8 22. Ne4 Rf7 23. Rf1 Nc5 24. Ng3 Qh4 25. Bg5 Qxg3+ 26. Kxg3 Ne4+ 0-1

[Event "Jakarta Indonesia op 2nd"]
[Site "Jakarta"]
[Date "2012.10.13"]
[Round "5"]
[White "Suradiradja, Herman"]
[Black "Ali, Sadikin"]
[Result "1/2-1/2"]
[WhiteElo "2238"]
[BlackElo "2167"]
[PlyCount "58"]
[EventDate "2012.10.11"]
[EventType "swiss"]
[EventRounds "9"]
[EventCountry "INA"]
[SourceTitle "EXT 2013"]
[Source "ChessBase"]
[SourceDate "2012.11.22"]
[SourceVersion "1"]
[SourceVersionDate "2012.11.22"]
[SourceQuality "1"]

1. e4 d6 2. d4 Nf6 3. Nc3 g6 4. Nf3 Bg7 5. h3 0-0 6. Be3 c6 7. a4 Nbd7 8. a5 e5 9. dxe5 Nxe5 10. Nxe5 dxe5 11. Qxd8 Rxd8 12. Bc4 Be6 13. Bxe6 fxe6 14. Ke2 Kf7 15. Rhd1 a6 16. Bb6 Rd7 17. Rxd7+ Nxd7 18. Na4 Bf8 19. Rd1 Ke8 20. b3 Nxb6 21. Nxb6 Rd8 22. Rxd8+ Kxd8 23. Nc4 Bb4 24. Kd3 Be1 25. Ke2 Bb4 26. Kd3 Be1 27. Ke2 Bb4 28. Kd3 Be1 29. Ke2 Bb4 1/2-1/2

[Event "Jakarta Telin op"]
[Site "Jakarta"]
[Date "2011.04.05"]
[Round "7"]
[White "Ali, Sadikin"]
[Black "Verdiana, Norasa"]
[Result "0-1"]
[WhiteElo "1814"]
[BlackElo "1915"]
[PlyCount "93"]
[EventDate "2011.04.01"]
[EventType "swiss"]
[EventRounds "9"]
[EventCountry "INA"]
[SourceTitle "CBM 141 Extra"]
[Source "ChessBase"]
[SourceDate "2011.05.03"]
[SourceVersion "1"]
[SourceVersionDate "2011.05.03"]
[SourceQuality "1"]

1. f4 Nf6 2. b3 d5 3. Bb2 c5 4. Nf3 Nc6 5. e3 e6 6. Bb5 Bd6 7. 0-0 0-0 8. a3 a6 9. Bd3 Re8 10. Ne5 d4 11. Nxc6 bxc6 12. exd4 cxd4 13. Bxd4 Bxf4 14. Rxf4 e5 15. Rxf6 Qxd4+ 16. Rf2 Qxa1 17. Be4 Bb7 18. d3 Qd4 19. Nd2 Rab8 20. a4 c5 21. Bxb7 Rxb7 22. Qf1 Rb6 23. Kh1 Rf8 24. Ne4 h6 25. h3 Rc6 26. Rf5 f6 27. Kh2 Qd5 28. Qf3 Qe6 29. Qg4 Kh7 30. Rf2 f5 31. Qh4 Kg8 32. Nd2 Qd6 33. Nc4 Qc7 34. Kg1 Re6 35. Qh5 Ref6 36. Ne3 Qd7 37. Nc4 Qd4 38. Qe2 e4 39. Kf1 exd3 40. cxd3 Rd8 41. Rf3 Kf8 42. Qc2 Re8 43. Qb2 Qd5 44. Qd2 Rfe6 45. Re3 Rxe3 46. Nxe3 Qxb3 47. Nxf5 0-1